banner-ar

الهدية الحميدية فى اللغة الكردية: معجم كردى - عربى / (Record no. 50093)

MARC details
000 -الفاتح
حقل البيانات ثابتة الطول 00846nam a2200229Ia 4500
008 - عناصر البيانات ثابتة الطول - معلومات عامة
حقل البيانات ثابتة الطول 140319s9999 xx 000 0 ara d
040 ## - مصدر الفهرسة
وكالة الفهرسة الأصلية GCL /
وكالة النسخ GCL
082 04 - رقم تصنيف ديوى العشرى
رقم التصنيف 413.1
رقم المادة ض ه
100 1# - المدخل الرئيسى - إسم شخصى
الإسم الشخصى ضياءالدين باشا الخالدى المقدسى
245 10 - بيان العنوان
العنوان الهدية الحميدية فى اللغة الكردية: معجم كردى - عربى /
بيان المسئوليه,etc ضياءالدين باشا الخالدى المقدسى
700 1# - المدخل الاضافى - اسم شخصى
الإسم الشخصى محمد مكرى
300 ## - الوصف المادى
التعداد 240 ص
490 ## - بيان السلسلة
عنوان السلسلة الهيئة العامة للاستعلامات
رقم المجلد/ التعيين التسلسلي 0
650 04 - المدخل الاضافى بالموضوع-مصطلح موضوعى
مصطلح موضوعي المسرح
650 04 - المدخل الاضافى بالموضوع-مصطلح موضوعى
مصطلح موضوعي المعاجم
650 04 - المدخل الاضافى بالموضوع-مصطلح موضوعى
مصطلح موضوعي اللغة العربية - المعاجم
650 04 - المدخل الاضافى بالموضوع-مصطلح موضوعى
مصطلح موضوعي المسرح - نقد
650 04 - المدخل الاضافى بالموضوع-مصطلح موضوعى
مصطلح موضوعي المسرح - امريكا الجنوبية
650 04 - المدخل الاضافى بالموضوع-مصطلح موضوعى
مصطلح موضوعي اللغة الكردية - معاجم
942 ## - عناصر المدخل الإضافي( كوها)
مصدر التصنيف او مخطط الترفيف Dewey Decimal Classification
Koha [default] item type كتاب
Holdings
حالة التراجع حالة الفقد حالة تلف ليس للاعارة المكان المؤقت الموقع الحالى تاريخ الاكتساب اجمالي اﻻعارات رقم الطلب الباركود تاريخ اخر مشاهدة تاريخ تفعيل السعر نوع وعاء كوها
        مكتبة القاهرة الكبرى مكتبة القاهرة الكبرى 03/26/2014   413.1\ض ه 120115 03/26/2014 03/26/2014 كتاب

Powered By

EGPV